=LDR 00000nam 2200000 4500 =001 INLIS000000000001971 =005 20130612090340 =008 ***********************************Ind** =035 ##$$0010-061300000001971 =041 ##$$a Ind =082 ##$$a 720.909 598 449 =090 ##$$a 720.909 598 449, Sem r =100 ##$$a Semar, Syamsiar =245 ##$$a Rumah adat Banjar, Drs. Syamsiar Semar =260 ##$$a 1982 $b Jakarta =300 ##$$a 136 hlm, ilus, 21 cm =650 ##$$a Arsitektur rumah adat Banjar-Kalimantan Selatan =850 ##$$a NBPNMAT